000 00776nam a22002417a 4500
001 98833
003 UA-OsUOA
005 20220626204246.0
007 ta
008 20130418b un ||||| |||| 00| 0 ukr d
040 _aUA-OsUOA
_brus
_cUA-OsUOA
_dUA-OsUOA
041 _arus
080 _a821.161.1
090 _a821.161.1
_bР67
100 _aРоллан Р.
245 _aСобрание сочинений в четырнадцати томах
260 _aМ.
_bХудожественная литература
_c1958
300 _a823 с.
505 _gт. 14
_tВопросы эстетики. Театр. Живопись. Литература
650 7 _a82 Література. Літературознавство
_2UDC
942 _cBK
_2udc
955 _a2
999 _c385178
_d385178